Casos de éxito de emprendedores: cómo los pensadores más dinámicos del mundo alcanzan la cima

Uloženo v:
Podrobná bibliografie
Korporativní autor: BusinessWeek (Autor)
Médium: Kniha
Jazyk:španělština
Vydáno: Ciudad de México McGraw-Hill 2009
Edice:Emprendedores: guía de innovación, ideas y planes de acción
Témata:
Tagy: Přidat tag
Žádné tagy, Buďte první, kdo vytvoří štítek k tomuto záznamu!

MARC

LEADER 00000nam a2200000 a 4500
001 UCH5798
003 CL-VaPUC
008 091029e20090000MX |||||||||||||||||spa|d
020 |a 9789701069554 
082 0 4 |a 658.409  |b BUS  |2 21 
110 2 |a BusinessWeek  |e author  |9 542127 
245 1 0 |a Casos de éxito de emprendedores: cómo los pensadores más dinámicos del mundo alcanzan la cima 
300 |a 154 p 
942 |c BK 
945 |d 20091029 00:00:00  |a rbrito 
260 |a Ciudad de México  |b McGraw-Hill  |c 2009 
650 7 |a EMPRENDEDORES  |2 CL-VaPUC  |9 533619 
650 0 |a Exito en los negocios   |9 271740 
650 7 |a EJECUTIVOS  |2 CL-VaPUC  |9 260629 
650 7 |a HABILIDAD EJECUTIVA  |2 CL-VaPUC  |9 520225 
583 |a last modification  |c 20091029 00:00:00  |k Rodrigo Vera 
490 0 |a Emprendedores: guía de innovación, ideas y planes de acción 
999 |c 336845  |d 336843 
952 |0 0  |1 0  |4 0  |6 658_409000000000000_BUS_2009  |7 0  |8 A  |9 428834  |a BIBENE  |b BIBENE  |d 2019-11-22  |i 4613074  |o 658.409 BUS 2009  |p 4613074  |r 2025-01-15  |w 2019-11-22  |y BK  |k ICO